000 00297nam a2200133Ia 4500
005 20251222155119.0
008 251222s9999||||xx |||||||||||||| ||spa||
082 _aPED.78
100 _aOPS/OMS
245 0 _aGrupo asesor técnico AIEPI
250 _a1ra. ed.
264 _bOPS/OMS
942 _cLIB
999 _c38368
_d38368